Statistics for Chelsea Greatest XI Of All Time

Click here to take the quiz!

General Stats

  • This quiz has been taken 422 times
  • The average score is 7 of 11

Answer Stats

PositionPlayer% Correct
GKPetr Čech
98%
FWDidier Drogba
95%
CBJohn Terry
95%
CDMFrank Lampard
94%
LBAshley Cole
89%
LMEden Hazard
85%
FWGianfranco Zola
53%
RMPeter Osgood
20%
FWJimmy Greaves
16%
CBRon Harris
15%
RBPeter Sillett
2%

Score Distribution

Percentile by Number Answered

Percent of People with Each Score

Your Score History

You have not taken this quiz